Using multivariate statistics

Uložené v:
Podrobná bibliografia
Hlavný autor: Tabachnick, Barbara G.
Ďalší autori: Fidell, Linda S.
Médium: Kniha
Jazyk:English
Vydavateľské údaje: Harlow PEARSON 2014
Vydanie:6th ed.
Edícia:Always learning
Predmet:
Tagy: Pridať tag
Žiadne tagy, Buďte prvý, kto otaguje tento záznam!

MARC

LEADER 00000nam a2200000 4500
001 0220437
005 20240313130828.3
020 |a 1-292-02131-4 
020 |a 978-1-292-02131-7 
041 0 |a eng 
044 |a GB 
245 1 0 |a Using multivariate statistics  |c Barbara G. Tabachnick, Linda S. Fidell 
250 |a 6th ed. 
264 1 |a Harlow  |b PEARSON  |c 2014 
300 |a 1055 s. 
490 1 |a Always learning 
830 0 |a Always learning 
610 2 0 |a štatistika 
610 2 0 |a výskum štatistický 
610 2 0 |a analýza štatistická 
610 2 0 |a regresia 
610 2 0 |a korelácia 
610 2 0 |a modely štatistické 
610 2 0 |a metódy štatistické 
610 2 0 |a modelovanie lineárne 
610 2 0 |a rady časové 
610 2 0 |a modely lineárne 
610 2 0 |a metódy štatistické viacrozmerné 
100 1 |a Tabachnick, Barbara G. 
700 1 |a Fidell, Linda S.